| 000 -LEADER |
| fixed length control field |
00744cam a2200217 a 4500 |
| 020 ## - INTERNATIONAL STANDARD BOOK NUMBER |
| ISBN |
9789712202582 |
| 020 ## - INTERNATIONAL STANDARD BOOK NUMBER |
| ISBN |
9712202585 |
| 040 ## - CATALOGING SOURCE |
| Transcribing agency |
COO |
| 082 ## - DEWEY DECIMAL CLASSIFICATION NUMBER |
| Classification number |
338 INT 2010 A015 Or. |
| 245 00 - TITLE STATEMENT |
| Title |
Rice in the global economy : |
| Remainder of title |
strategic research and policy issues for food security / |
| 246 30 - VARYING FORM OF TITLE |
| Title proper/short title |
Strategic research and policy issues for food security |
| 260 ## - PUBLICATION, DISTRIBUTION, ETC. (IMPRINT) |
| Place of publication |
Manila : |
| Name of publisher |
International Rice Research Institute, |
| Year of publication |
2010. |
| 300 ## - PHYSICAL DESCRIPTION |
| Number of Pages |
vii, 477 p. : |
| Other physical details |
ill. (some col.), col. maps ; |
| Dimensions |
23 cm. |
| 650 #0 - SUBJECT ADDED ENTRY--TOPICAL TERM |
| Topical Term |
Rice trade. |
| 650 #0 - SUBJECT ADDED ENTRY--TOPICAL TERM |
| Topical Term |
Rice. |
| 650 #0 - SUBJECT ADDED ENTRY--TOPICAL TERM |
| Topical Term |
Food security. |
| 700 1# - ADDED ENTRY--PERSONAL NAME |
| Personal name |
Pandey, Sushil. |
| 710 1# - ADDED ENTRY--CORPORATE NAME |
| Corporate name or jurisdiction name as entry element |
International Rice Research Institute. |
| 856 41 - ELECTRONIC LOCATION AND ACCESS |
| Uniform Resource Identifier |
http://www.loc.gov/catdir/toc/fy12pdf02/2011308303.html |
| 942 ## - ADDED ENTRY ELEMENTS (KOHA) |
| Koha item type |
សៀវភៅភាសាអង់គ្លេស |
| 952 ## - LOCATION AND ITEM INFORMATION (KOHA) |
| Withdrawn status [LOCAL, KOHA] |
0 |